Approaches to handling environmental problems in the mining and metallurgical regions /

Bibliographic Details
Corporate Author: NATO Advanced Research Workshop on Approaches to Handling Environmental Problems in the Mining and Metallurgical Regions of NIS Countries Mariupolʹ, Ukraine
Other Authors: Leal Filho, Walter, Butorina, Irina
Format: Conference Proceeding Book
Language:English
Published: Dordrecht ; Boston : Kluwer Academic Publishers, [2003]
Series:NATO science series. Earth and environmental sciences ; v. 20.
Subjects:

MARC

Tag First Indicator Second Indicator Subfields
LEADER 00000cam a22000004a 4500
001 in00002024920
005 20151031175232.0
008 030402s2003 ne ab b 001 0 eng
010 |a  2003049752 
020 |a 1402013221 (alk. paper) 
020 |a 140201323X 
035 |a (OCoLC)ocm52090772 
040 |a DLC  |c DLC  |d YDX  |d OHX  |d UtOrBLW 
042 |a pcc 
043 |a e-ur---  |a e------ 
049 |a TXAM 
050 0 0 |a TD195.M5  |b N363 2003 
072 7 |a TD  |2 lcco 
082 0 0 |a 622/.028/6  |2 21 
111 2 |a NATO Advanced Research Workshop on Approaches to Handling Environmental Problems in the Mining and Metallurgical Regions of NIS Countries  |d (2002 :  |c Mariupolʹ, Ukraine) 
245 1 0 |a Approaches to handling environmental problems in the mining and metallurgical regions /  |c edited by Walter Leal Filho and Irina Butorina. 
264 1 |a Dordrecht ;  |a Boston :  |b Kluwer Academic Publishers,  |c [2003] 
264 4 |c ©2003 
300 |a vii, 296 pages :  |b illustrations, maps ;  |c 25 cm. 
336 |a text  |b txt  |2 rdacontent 
337 |a unmediated  |b n  |2 rdamedia 
338 |a volume  |b nc  |2 rdacarrier 
490 1 |a NATO science series. Series IV, Earth and environmental sciences ;  |v v. 20 
500 |a "Proceedings of the NATO Advanced Research Workshop on Approaches to Handling Environmental Problems in the Mining and Metallurgical Regions of NIS Countries, Mariupol, Ukraine, 5-7 September 2002"--Title page verso. 
504 |a Includes bibliographical references and index. 
650 0 |a Mineral industries  |x Environmental aspects  |z Former Soviet republics. 
650 0 |a Mineral industries  |x Environmental aspects  |z European Union countries. 
700 1 |a Leal Filho, Walter. 
700 1 |a Butorina, Irina. 
830 0 |a NATO science series.  |n Series IV,  |p Earth and environmental sciences ;  |v v. 20. 
938 |a Otto Harrassowitz  |b HARR  |n har035013468  |c 130.00 EUR 
948 |a cataloged  |b h  |c 2005/7/13  |d c  |e eneff  |f 11:27:06 am 
994 |a C0  |b TXA 
999 |a MARS 
999 f f |s 744c514f-890d-362f-9e5e-94a1f6576919  |i 280eeeeb-a94c-3d3b-8e99-d1d3fe1da2e8  |t 0 
952 f f |p ric  |a Texas A&M University  |b Rellis Campus  |c Joint Library Facility  |d Remote Storage  |t 0  |e TD195.M5 N363 2003  |h Library of Congress classification  |i unmediated -- volume  |m A14832226168 
998 f f |a TD195.M5 N363 2003  |t 0  |l Remote Storage